000 00759cam a2200217 4500
001 18836
005 20230410123522.0
008 060907n2003 dr spa
035 _9funglode18986
041 _aES
050 1 4 _aKGQ 5414
_bH185c 2003
100 1 _aRepública Dominicana. [Leyes, etc.]
245 1 0 _aCódigo penal de la República Dominicana :
_blegislación complementaria después del 1984, actualizada, ampliada y adaptado para estudios /
_cJuan Pablo Acosta, Trajano Vidal Potentini
250 _a3a ed.
260 _aMoca, República Dominicana :
_bEditora Dalis,
_c2003
300 _a202 p.
650 0 _aCriminal law
_zDominican Republic.
700 1 _aAcosta, Juan Pablo
700 1 _aVidal Potentini, Trajano
942 _2lcc
_cbk
999 _c63069
_d63069